000 00960 a2200229 4500
001 41109
005 20260407155705.0
008 260407a2004 arg spa d
003 AR-UNSa-BCEJYS
040 _aAR-UNSa-BCEJYS
_bspa
_cAR-UNSa-BCEJYS
080 _a336.77
_xCrédito. Función económica del crédito (Microcréditos)
245 1 0 _aEl crédito
_pteoría y práctica
020 _a950-894-438-2
264 1 _aBuenos Aires :
_bAD-HOC
_c2004
300 _a238 p.
_c23 cm.
505 _a1. El crédito - 2. Condiciones esenciales y básicas del crédito - 3. Primera etapa: solicitud del crédito - 4. Segunda etapa: análisis de riesgo - 5. Tercera etapa: administración del crédito - 6. Cuarta etapa: cobranza del crédito
041 _aspa
942 _cBK
590 _aniveau_biblio:m niveau_hierar:0
100 1 _aRichardson, Gustavo A.
856 4 1 _uhttps://biblioeco.unsa.edu.ar/pmb/images/libros/L126366.jpg
_yImagen de portada
_qimage/jpeg
999 _c3377
_d3377